01263cpcaa2200301 i 4500001001300000003000400013005001700017008004100034010001700075040002900092041001300121072001200134100005000146245007900196300001600275300002000291300002000311351016500331506002200496520012700518545001500645546005000660555007800710650002100788656002400809700011100833999001700944mm 82040790 DLC20260227111714.0821109|||||||||||| eng  amm 82040790  aDLCcDLCdDLCbengedacs aengarus 7aL2lcmd1 aFeinberg, Charles E.,d1899-1988,ecollector.00aKarl Jay Shapiro papers in the Charles E. Feinberg collection,f1930-1963. a170fitems. a13fcontainers. a6flinear feet. aArranged in 4 series. Series 1: Writings File, 1930s-1960s; Series 2: Miscellany, 1959; Series 3: Printed matter, 1940-1963; and Series 4: Addition, 1960-1963.0 aOpen to research.8 aCorrespondence, writings, notebooks, printed matter, photographs, and other papers pertaining chiefly to Shapiro's poetry.0 aCollector. aCollection material in English, with Russian.8 aFinding aid available in the Library of Congress Manuscript Reading Room. 0aAmerican poetry. 7aCollectors.2itoamc1 aShapiro, Karl Jay,d1913-2000.tKarl Jay Shapiro papers in the Charles E. Feinberg collection.f1930-1963. c43598d43598